000 01564cam a2200409 a 4500
001 13682644
003 OSt
005 20140310181922.0
008 040810s2005 nyu b 001 0 eng
010 _a 2004018941
015 _aGBA554992
_2bnb
016 7 _a013240564
_2Uk
020 _a0816057419 (acidfree paper)
020 _a0816057427 (pbk. : acidfree paper)
020 _a9780816057429
035 _a(OCoLC)ocm56317835
040 _aDLC
_cDLC
_dYDX
_dUKM
_dBAKER
_dCLE
_dDLC
050 0 0 _aZA 3075
_b.L46 2005
082 0 0 _aTRC 025.524
_bL54 2005
100 1 _aLenburg, Jeff.
_91725
245 1 4 _aThe Facts On File guide to research /
_cJeff Lenburg.
246 3 0 _aGuide to research
260 _aNew York :
_bFacts On File,
_cc2005.
300 _a560 p. :
_c24 cm.
440 0 _aFacts on File library of language and literature
_91726
500 _aIncludes bibliographical references and index.
521 _aFaculty
541 _j1
562 _eFor circulation. One copy is available in the collection.
650 0 _aInformation retrieval
_vHandbooks, manuals, etc.
_91727
650 0 _aResearch
_xMethodology
_vHandbooks, manuals, etc.
_91728
650 0 _aLibrary research
_vHandbooks, manuals, etc.
_91729
856 4 1 _3Table of contents
_uhttp://www.loc.gov/catdir/toc/ecip0421/2004018941.html
906 _a7
_bcbc
_corignew
_d1
_eecip
_f20
_gy-gencatlg
942 _2lcc
_cBK-TR
_kTR
999 _c7007
_d7007